[Event "Challenge"]
[Site "http://www.queenalice.com/game.php?id=300024"]
[Date "2007.11.7"]
[Round "-"]
[White "Pawngal"]
[Black "toptester"]
[Result "0-1"]
[WhiteElo "1394"]
[BlackElo "1401"]

1. e4 e5 2. Nf3 Nc6 3. Bc4 Nf6 4. Nc3 Bc5 5. O-O b6 6. d3 O-O 7. Nxe5 Nxe5 8.
Be3 Bxe3 9. fxe3 Bb7 10. Nd5 Nxd5 11. Bxd5 Bxd5 12. exd5 Qg5 13. Qc1 Ng6 14. e4
Qxc1 15. Raxc1 c6 16. dxc6 dxc6 17. c4 b5 18. cxb5 cxb5 19. d4 Rad8 20. d5 Ne5
21. a3 Nd3 22. Rb1 Rfe8 23. b4 Rxe4 24. Rf5 Rde8 25. Rbf1 f6 26. d6 Rd4 27. h3
Nb2 28. g4 Nc4 29. d7 Rxd7 30. Rxb5 Ne3 31. Re1 Rd1 32. Rxd1 Nxd1 33. a4 Nc3 34.
Ra5 Re7 35. b5 g6 36. h4 f5 37. gxf5 gxf5 38. h5 f4 39. Ra6 Rf7 40. b6 axb6 41.
Rxb6 f3 42. Kf2 Ne4+ 43. Kf1 f2 44. Rb8+ Kg7 45. a5 Nd2+ 46. Ke2 f1=Q+ 47. Kxd2
Qf4+ 48. Kd3 Qxb8 49. Kd4 Qb5 50. Kc3 Rf4 51. h6+ Kxh6 52. Kc2 Qe2+ 53. Kb3 Qe3+
54. Ka2 Rf2+ 55. Ka1 Qe1# 0-1

[Event "Challenge"]
[Site "http://www.queenalice.com/game.php?id=303853"]
[Date "2007.11.14"]
[Round "-"]
[White "Delikz"]
[Black "toptester"]
[Result "1-0"]
[WhiteElo "1473"]
[BlackElo "1419"]

1. e3 e5 2. Bd3 Nc6 3. c3 b6 4. Bb5 Qg5 5. Bxc6 dxc6 6. Qf3 Bb7 7. b4 Rb8 8. Nh3
Qg6 9. Qg3 Qc2 10. f3 Qxc1+ 11. Ke2 Qxh1 12. Qxe5+ Kd8 13. Ng5 Nh6 14. Qg3 f6
15. Ne6+ Ke7 16. Nxc7 Kd7 17. b5 cxb5 18. Nxb5 Ra8 19. Qc7+ Ke6 20. Qxb7 Rd8 21.
Qxa7 Qxg2+ 22. Kd1 Bc5 23. d4 Qb2 24. Nc7+ Kd6 25. dxc5+ Kc6+ 26. Ke1 Qxa1 27.
Qxb6+ Kd7 28. c6+ Kc8 29. Qb7# 1-0

[Event "Challenge"]
[Site "http://www.queenalice.com/game.php?id=334582"]
[Date "2008.1.11"]
[Round "-"]
[White "Feee"]
[Black "toptester"]
[Result "1-0"]
[WhiteElo "1700"]
[BlackElo "1405"]

1. e3 Nc6 2. c3 e5 3. d3 g6 4. Nf3 Bg7 5. e4 Nf6 6. h3 b6 7. Qb3 h6 8. d4 exd4
9. e5 Ne4 10. cxd4 O-O 11. Bd3 Ng5 12. Nxg5 hxg5 13. Qd5 Bb7 14. Bxg6 Na5 15.
Bxf7+ Rxf7 16. Qb5 Bxg2 17. Rh2 Bc6 18. Qb4 d6 19. e6 Re7 20. Nc3 Rxe6+ 21. Be3
Qf6 22. d5 Bxd5 23. Nxd5 Qd8 24. Qg4 Re5 25. O-O-O c6 26. Nb4 c5 27. f4 Rxe3 28.
Nd5 Re4 29. h4 gxf4 30. Rg1 Qf8 31. Rhg2 f3 32. Qxg7+ Qxg7 33. Rxg7+ Kh8 34. Rf7
Rxh4 35. Rxf3 Rh2 36. Rf7 Nc4 37. Ne7 Ne5 38. Ng6+ Nxg6 39. Rxg6 Re8 40. Rg1 d5
41. Rxa7 Rd8 42. Rb7 d4 43. Rxb6 d3 44. Rd1 d2+ 45. Kc2 Re8 46. Rxd2 Rxd2+ 47.
Kxd2 Rc8 48. b3 Rd8+ 49. Kc3 Kg7 50. Rc6 Rd5 51. Kc4 Rg5 52. Rxc5 Rg4+ 53. Kb5
Kf7 54. a4 Ke6 55. Rc4 Rxc4 56. bxc4 Kd7 57. c5 Kc7 58. a5 Kb7 59. a6+ Ka7 60.
c6 Kb8 61. Kb6 1-0

[Event "Challenge"]
[Site "http://www.queenalice.com/game.php?id=392413"]
[Date "2008.4.23"]
[Round "-"]
[White "pierjean"]
[Black "toptester"]
[Result "0-1"]
[WhiteElo "1437"]
[BlackElo "1435"]

1. e4 e5 2. Nf3 d6 3. d4 Nd7 4. Be3 Ngf6 5. h3 Nxe4 6. Bc4 c6 7. O-O b5 8. Qd3
d5 9. Bb3 f6 10. c3 a5 11. g4 a4 12. Bd1 Nd6 13. dxe5 fxe5 14. Re1 e4 15. Bg5
Be7 16. Bxe7 Kxe7 17. Nd4 Kf7 18. Qd2 Ne5 19. Qf4+ Qf6 20. Qe3 g6 21. a3 h5 22.
g5 Qe7 23. f4 Nec4 24. Nxc6 Qc7 25. Ne5+ Nxe5 26. fxe5 Nf5 27. Qf4 Ke6 28. Be2
Qxe5 29. Rf1 Qxf4 30. Rxf4 Ba6 31. Kf2 Rhf8 32. Nd2 e3+ 33. Ke1 exd2+ 34. Kxd2
Rad8 35. Bd3 d4 36. Re1+ Kf7 37. Kc2 Kg7 38. Re6 Ne3+ 39. Kd2 Rxf4 40. Rxg6+ Kf7
41. Rxa6 Rh4 42. Rf6+ Ke7 43. Bxb5 Rxh3 44. Rh6 Rf8 45. Bxa4 Nf1+ 46. Kc2 d3+
47. Kd1 Rh2 48. Rh7+ Ke6 49. Rh6+ Ke5 50. Rb6 Ne3+ 51. Ke1 Rf1# 0-1

[Event "Challenge"]
[Site "http://www.queenalice.com/game.php?id=432456"]
[Date "2008.7.13"]
[Round "-"]
[White "camilleetgeorges"]
[Black "toptester"]
[Result "0-1"]
[WhiteElo "1465"]
[BlackElo "1417"]

1. Nf3 b6 2. d4 d5 3. c4 dxc4 4. Nc3 Nf6 5. e3 Ba6 6. Qa4+ c6 7. Qd1 g6 8. Ne5
b5 9. a3 Nfd7 10. Nf3 Bg7 11. Be2 O-O 0-1

[Event "Challenge"]
[Site "http://www.queenalice.com/game.php?id=437081"]
[Date "2008.7.22"]
[Round "-"]
[White "toptester"]
[Black "Pawngal"]
[Result "1-0"]
[WhiteElo "1445"]
[BlackElo "1336"]

1. Nf3 d5 2. d4 Nc6 3. Nc3 Nf6 4. b3 g6 5. Bb2 Bf5 6. a3 e6 7. h3 a6 8. Nd2 Bd6
9. f3 O-O 10. g4 Bxg4 11. hxg4 Bf4 12. Bg2 Bxd2+ 13. Qxd2 b5 14. a4 b4 15. Na2
a5 16. c3 bxc3 17. Qxc3 Qd7 18. Rc1 Nb4 19. Nxb4 axb4 20. Qxb4 c6 21. Qb6 Qa7
22. Qxc6 Qa5+ 23. Bc3 Qd8 24. e4 dxe4 25. fxe4 Nxe4 26. Qxe4 f5 27. Qf4 fxg4 28.
Qxg4 Qf6 29. Bxa8 Qf2+ 30. Kd1 Qf3+ 31. Bxf3 h5 32. Qxg6+ Kh8 33. d5+ e5 34.
Bxe5+ Rf6 35. Bxf6# 1-0

[Event "Let's Play Chess!"]
[Site "http://www.queenalice.com/game.php?id=454204"]
[Date "2008.8.27"]
[Round "-"]
[White "toptester"]
[Black "XaraX"]
[Result "0-1"]
[WhiteElo "1451"]
[BlackElo "1812"]

1. e4 e5 2. Nf3 Nc6 3. b3 Bc5 4. Bb2 d6 5. Bc4 Nf6 6. Qe2 Bg4 7. h3 Bh5 8. Nh2
Bxe2 9. Kxe2 Nxe4 10. Rf1 O-O 11. f3 Ng3+ 12. Ke1 Nxf1 13. Nxf1 Qh4+ 14. Kd1
Rae8 15. d3 Nd4 16. Nc3 Qf2 17. Nh2 Qxg2 18. Ng4 Qxc2+ 19. Ke1 Nxf3+ 20. Kf1
Qxb2 21. Rd1 h5 22. Ne4 hxg4 23. hxg4 c6 24. d4 Bxd4 25. Be2 Nh2+ 26. Ke1 f5 27.
gxf5 Rxf5 28. Nxd6 Bc3+ 29. Rd2 Qc1+ 30. Bd1 Qxd2# 0-1

[Event "Let's Play Chess!"]
[Site "http://www.queenalice.com/game.php?id=454206"]
[Date "2008.8.27"]
[Round "-"]
[White "toptester"]
[Black "Enrico"]
[Result "0-1"]
[WhiteElo "1447"]
[BlackElo "1838"]

1. Nf3 d5 2. b3 Bg4 3. Bb2 Bxf3 4. gxf3 e6 5. e4 Nc6 6. Nc3 d4 7. Ne2 Bb4 8. c3
dxc3 9. dxc3 Bc5 10. Qxd8+ Rxd8 11. c4 Nge7 12. Bxg7 Rg8 13. Bb2 Nb4 14. Nd4
Bxd4 15. Rd1 Bxf2+ 16. Ke2 Rxd1 17. Kxd1 Nxa2 18. h3 Rg1 19. Rxg1 Bxg1 20. Bd3
Nb4 21. Bb1 Ng6 22. Bc1 Nh4 23. f4 c5 24. f5 e5 25. Bb2 Bd4 26. Bxd4 exd4 27. f6
Kd7 28. e5 Ke6 29. Bxh7 Kxe5 30. Bg8 Kxf6 31. Ke2 Kg6 32. Kf2 d3 33. Ke1 Nf3+
34. Kd1 Na2 35. h4 Nxh4 36. Kd2 Nb4 37. Kc3 Nf3 38. Kb2 d2 39. Kb1 d1=Q+ 40. Kb2
Qc2+ 41. Ka3 Qa2# 0-1

[Event "Challenge"]
[Site "http://www.queenalice.com/game.php?id=454290"]
[Date "2008.8.27"]
[Round "-"]
[White "Enrico"]
[Black "toptester"]
[Result "1-0"]
[WhiteElo "1824"]
[BlackElo "1449"]

1. e4 e5 2. Nf3 Nc6 3. Bb5 Nge7 4. d3 a6 5. Ba4 b5 6. Bb3 Na7 7. Nxe5 Nec6 8.
Bxf7+ Ke7 9. Bg5+ Kd6 10. Bxd8 Nxd8 11. Bd5 c6 12. Bxc6 dxc6 13. Nf3 g6 14. e5+
Kd7 15. c4 Bg7 16. d4 Re8 17. cxb5 Nxb5 18. O-O Kc7 19. a4 Na7 20. a5 Ne6 21. d5
Nd8 22. d6+ Kd7 23. Re1 Nf7 24. Nc3 Bxe5 25. Nxe5+ Nxe5 26. f4 Nc4 27. Rxe8 Kxe8
28. Qe2+ Kd7 29. Qe7# 1-0

[Event "Challenge"]
[Site "http://www.queenalice.com/game.php?id=459955"]
[Date "2008.9.7"]
[Round "-"]
[White "superhomem222"]
[Black "toptester"]
[Result "0-1"]
[WhiteElo "1501"]
[BlackElo "1477"]

1. b3 e5 2. Bb2 Nc6 3. a3 b5 4. g3 Bb7 5. Bg2 d6 6. e3 Rb8 7. d3 g6 8. f4 Bg7 9.
Bf3 Nge7 10. h4 O-O 11. Qd2 Nc8 12. f5 gxf5 13. Nc3 h6 14. Rh2 Qe7 15. Nd5 Qd7
16. Bh5 a6 17. Qf2 Na5 18. e4 Bxd5 19. exd5 e4 20. Bxg7 Kxg7 21. Qd4+ Kg8 22.
Rg2 Re8 23. Rf2 exd3+ 24. Kf1 dxc2 0-1

[Event "Challenge"]
[Site "http://www.queenalice.com/game.php?id=459956"]
[Date "2008.9.7"]
[Round "-"]
[White "superhomem222"]
[Black "toptester"]
[Result "0-1"]
[WhiteElo "1519"]
[BlackElo "1459"]

1. b3 Nc6 2. g3 g6 3. Bb2 f6 4. Bg2 Bg7 5. e3 e5 6. h3 Nge7 7. a3 b6 8. d3 Bb7
9. b4 d5 10. Qe2 Qd6 11. Nc3 a5 12. Nb5 Qd7 13. f4 exf4 14. exf4 O-O-O 15. Bf3
axb4 16. axb4 Nxb4 17. Na7+ Kb8 18. c3 Nbc6 19. Nxc6+ Bxc6 20. d4 Bb7 21. Ba3
Nf5 22. Kf2 g5 23. fxg5 fxg5 24. Bg4 Qf7 0-1

[Event "Challenge"]
[Site "http://www.queenalice.com/game.php?id=459957"]
[Date "2008.9.7"]
[Round "-"]
[White "superhomem222"]
[Black "toptester"]
[Result "1-0"]
[WhiteElo "1504"]
[BlackElo "1474"]

1. g3 e5 2. b3 b6 3. Bg2 c6 4. Bb2 f6 5. e3 Bb7 6. a3 g5 7. h3 Bg7 8. d3 d5 9.
c4 h6 10. Ne2 dxc4 11. bxc4 Ne7 12. g4 f5 13. Rh2 O-O 14. gxf5 Nxf5 15. e4 Nd6
16. d4 exd4 17. Nxd4 Re8 18. Nd2 b5 19. cxb5 Nxb5 20. Nxb5 Bxb2 21. Rb1 Be5 22.
Qb3+ Kf8 23. Qb4+ Kg7 24. h4 cxb5 25. Rh3 1-0

[Event "Challenge"]
[Site "http://www.queenalice.com/game.php?id=509349"]
[Date "2008.12.18"]
[Round "-"]
[White "toptester"]
[Black "Pawngal"]
[Result "0-1"]
[WhiteElo "1494"]
[BlackElo "1347"]

1. e4 e5 2. b3 Nf6 3. f3 Bc5 4. Bb2 O-O 5. Bxe5 Nc6 6. Bc3 d6 7. Qe2 Be6 8. Bxf6
Qxf6 9. c3 a6 10. b4 Bb6 11. Na3 Rae8 12. O-O-O Bxg1 13. Rxg1 b5 14. Re1 Bxa2
15. c4 bxc4 16. Nxc4 Bxc4 17. Qxc4 Ne5 18. Qxc7 Rc8 19. Qxc8 Rxc8+ 20. Kd1 Nc4
21. Bxc4 Rxc4 22. Ke2 Rxb4 23. Rc1 h5 24. g4 h4 25. g5 Qb2 26. Rc8+ Kh7 27. Rg4
Rd4 28. Kf1 Qb1+ 29. Kg2 Rxd2+ 30. Kh3 Qf1+ 31. Rg2 Qxg2+ 32. Kxh4 Qxh2+ 33. Kg4
Rg2+ 34. Kf5 Qh3+ 35. Kf4 Qxc8 36. e5 Qc4+ 37. Kf5 Qe6+ 38. Ke4 Qxe5+ 39. Kd3
Qe2+ 40. Kc3 Qc2+ 41. Kb4 Qb2+ 42. Ka4 Qa2+ 43. Kb4 Rb2+ 44. Kc3 Qb3+ 45. Kd4
Rd2+ 46. Ke4 Re2+ 47. Kf4 Qe3+ 48. Kg4 Rg2+ 49. Kh5 g6+ 50. Kh4 Qxg5+ 51. Kh3
Qg3# 0-1

[Event "Challenge"]
[Site "http://www.queenalice.com/game.php?id=602431"]
[Date "2009.6.12"]
[Round "-"]
[White "toptester"]
[Black "Pawngal"]
[Result "1-0"]
[WhiteElo "1472"]
[BlackElo "1338"]

1. e4 e5 2. b3 Nf6 3. d3 g6 4. Nf3 Nc6 5. Bb2 Bc5 6. Nxe5 Nxe5 7. Bxe5 O-O 8.
Qf3 d6 9. Bxf6 Qd7 10. Qf4 b6 11. Qh6 Bxf2+ 12. Kd2 Qg4 13. Qg7# 1-0

[Event "Challenge"]
[Site "http://www.queenalice.com/game.php?id=639562"]
[Date "2009.8.20"]
[Round "-"]
[White "toptester"]
[Black "Pawngal"]
[Result "1-0"]
[WhiteElo "1483"]
[BlackElo "1380"]

1. Nf3 f5 2. d3 Nf6 3. b3 g6 4. Bb2 Bg7 5. g3 O-O 6. Bg2 Nc6 7. Na3 d6 8. O-O
Be6 9. c4 a6 10. Qc2 Qd7 11. e4 fxe4 12. dxe4 Bg4 13. h3 Bxf3 14. Qc3 Bxe4 15.
g4 Bxg2 16. Kxg2 Ne5 17. f4 Nc6 18. f5 gxf5 19. Rxf5 Ne5 20. Qb4 Nd3 21. Qc3 Ne4
22. Qxg7# 1-0

[Event "Challenge"]
[Site "http://www.queenalice.com/game.php?id=693892"]
[Date "2009.12.6"]
[Round "-"]
[White "toptester"]
[Black "Pawngal"]
[Result "1-0"]
[WhiteElo "1495"]
[BlackElo "1330"]

1. Nf3 d5 2. d4 Nc6 3. b3 Bg4 4. Bb2 Nf6 5. h3 Bxf3 6. exf3 e6 7. Qd3 Bd6 8. Qb5
O-O 9. Qxb7 Nb4 10. Na3 a6 11. Bc3 a5 12. g4 h6 13. Bd2 Rb8 14. Qa7 Ra8 15. Qb7
Rb8 16. Qa7 c6 17. c3 Nc2+ 18. Nxc2 Ra8 19. Qb7 a4 20. bxa4 Rxa4 21. Ne3 c5 22.
Qb5 Ra8 23. dxc5 Be7 24. c6 Qc7 25. h4 d4 26. cxd4 Rab8 27. Qc4 Rbc8 28. g5 hxg5
29. hxg5 Nd5 30. Nxd5 exd5 31. Qc2 Rfe8 32. Qh7+ Kf8 33. Qh8# 1-0

[Event "Challenge"]
[Site "http://www.queenalice.com/game.php?id=780370"]
[Date "2010.5.25"]
[Round "-"]
[White "toptester"]
[Black "Pawngal"]
[Result "1-0"]
[WhiteElo "1504"]
[BlackElo "1334"]

1. g3 e5 2. Bg2 Nf6 3. Nc3 Bb4 4. a3 Bxc3 5. dxc3 O-O 6. Qd3 Nc6 7. Bg5 d6 8.
Bxf6 Qxf6 9. O-O-O Be6 10. f3 d5 11. Bh3 Bxh3 12. Nxh3 d4 13. cxd4 exd4 14. f4
Rae8 15. b4 a6 16. b5 axb5 17. Qxb5 b6 18. Nf2 h6 19. h4 Re7 20. Rd2 Rd7 21. e3
Rfd8 22. e4 Kh8 23. e5 Qe6 24. a4 h5 25. Ne4 d3 26. c4 Rd4 27. Ng5 Rxc4+ 28. Kd1
Rc2 29. Nxe6 Rxd2+ 30. Kxd2 fxe6 31. Qxc6 b5 32. axb5 Kh7 33. Qxc7 Rd4 34. Ra1
Kh6 35. Ra7 Rxf4 36. Qxg7# 1-0